000 00585nam a22001937a 4500
005 20171212142021.0
010 _aENG-121850
020 _a9788191002218
_c740.00
035 _aEN-105382
037 _bDBAD/PUB
082 _a331.310954
100 _aDas,Aparna
245 _aEconomics of child labour /
_cby Aparna Das
260 _aNew Delhi
_bSunrise Publications
_c2010
270 _aB-7, Sarawati Complex, Subhash Chowk, Laxmi Nagar
_bNew Delhi
_e110092
300 _axix,
_bill.
_c22cm(Hb)
500 _aIncludes index
942 _2ddc
_cEN
_h331.310954
_mDAS
999 _c147962
_d147962